Statistiques concernant Conjugaison Descendre (Être)

Cliquez ici pour prendre le quiz!

Statistiques générales

  • Ce quiz a été pris 5 fois
  • Le résultat moyen est 85 sur 105

Statistiques - réponses

Personne Descendre % Correct
Subjonctif PrésentQue Nousdescendions
100%
PrésentJedescends
100%
Subjonctif PrésentQu'ils/Qu'ellesdescendent
100%
Subjonctif ImparfaitQue Jedescendisse
100%
Subjonctif PrésentQu'il/Qu'elledescende
100%
Subjonctif PrésentQue Tudescendes
100%
Passé SimpleVousdescendîtes
100%
Passé SimpleIls/Ellesdescendirent
100%
Subjonctif PrésentQue Jedescende
100%
Subjonctif ImparfaitQue Tudescendisses
100%
Subjonctif ImparfaitQu'il/Qu'elledescendît
100%
Présent Imperatifdescends
100%
Présent Imperatifdescendons
100%
Présent Imperatifdescendez
100%
Présent Infinitifdescendre
100%
Participe Passémasculin plurieldescendus
100%
Présent ConditionnelVousdescendriez
100%
Présent ConditionnelJedescendrais
100%
Présent ConditionnelTudescendrais
100%
Présent ConditionnelNousdescendrions
100%
Passé SimpleNousdescendîmes
100%
Subjonctif PrésentQue Vousdescendiez
100%
FuturTudescendras
100%
FuturJedescendrai
100%
ImparfaitIls/Ellesdescendaient
100%
FuturVousdescendrez
100%
FuturIls/Ellesdescendront
100%
PrésentVousdescendez
100%
Passé SimpleJedescendis
100%
ImparfaitVousdescendiez
100%
PrésentIls/Ellesdescendent
100%
ImparfaitTudescendais
100%
ImparfaitJedescendais
100%
ImparfaitIl/Elledescendait
100%
ImparfaitNousdescendions
100%
Passé SimpleIl/Elledescendit
100%
PrésentTudescends
100%
PrésentNousdescendons
100%
FuturIl/Elledescendra
100%
Passé SimpleTudescendis
100%
PrésentIl/Elledescend
100%
Passé ComposéIl/Elleest descendu(e)
80%
Passé ComposéTues descendu(e)
80%
Participe Présentdescendant
80%
Passé ComposéVousêtes descendu(e)(s)
80%
Subjonctif ImparfaitQu'ils/Qu'ellesdescendissent
80%
Participe Passémasculin singulierdescendu
80%
Présent ConditionnelIl/Elledescendrait
80%
Passé ComposéNoussommes descendu(e)s
80%
Passé ComposéJesuis descendu(e)
80%
Passé Première Forme ConditionnelNousserions descendu(e)s
80%
Passé Première Forme ConditionnelVousseriez descendu(e)(s)
80%
Passé Première Forme ConditionnelIls/Ellesseraient descendu(e)s
80%
Passé Première Forme ConditionnelIl/Elleserait descendu(e)
80%
Passé Première Forme ConditionnelTuserais descendu(e)
80%
Présent ConditionnelIls/Ellesdescendraient
80%
Passé Première Forme ConditionnelJeserais descendu(e)
80%
Subjonctif ImparfaitQue Vousdescendissiez
80%
Passé ComposéIls/Ellessont descendu(e)s
80%
Futur AntérieurVousserez descendu(e)(s)
80%
Futur AntérieurNousserons descendu(e)s
80%
Futur AntérieurIl/Ellesera descendu(e)
80%
Subjonctif ImparfaitQue Nousdescendissions
80%
FuturNousdescendrons
80%
Plus-Que-ParfaitIls/Ellesétaient descendu(e)s
80%
Plus-Que-ParfaitVousétiez descendu(e)(s)
80%
Futur AntérieurTuseras descendu(e)
80%
Futur AntérieurJeserai descendu(e)
80%
Plus-Que-ParfaitTuétais descendu(e)
80%
Plus-Que-ParfaitJ'étais descendu(e)
80%
Futur AntérieurIls/Ellesseront descendu(e)s
80%
Plus-Que-ParfaitIl/Elleétait descendu(e)
80%
Plus-Que-ParfaitNousétions descendu(e)s
80%
Participe Passéféminin plurieldescendues
80%
Passé Imperatifsois descendu
60%
Passé Deuxiéme Forme ConditionnelTufusses descendu(e)
60%
Passé Deuxiéme Forme ConditionnelJefusse descendu(e)
60%
Participe Passé Composéétant descendu
60%
Participe Passéféminin singulierdescendue
60%
Passé Deuxiéme Forme ConditionnelIls/Ellesfussent descendu(e)s
60%
Passé Deuxiéme Forme ConditionnelVousfussiez descendu(e)(s)
60%
Passé Deuxiéme Forme ConditionnelIl/Ellefût descendu(e)
60%
Passé Deuxiéme Forme ConditionnelNousfussions descendu(e)
60%
Passé Imperatifsoyons descendu
60%
Subjonctif Plus-Que-ParfaitQue Tufusses descendu(e)
60%
Passé AntérieurVousfûtes descendu(e)(s)
60%
Subjonctif Plus-Que-ParfaitQue Jefusse descendu(e)
60%
Passé Imperatifsoyez descendu
60%
Passé AntérieurNousfûmes descendu(e)s
60%
Passé AntérieurIl/Ellefut descendu(e)
60%
Passé AntérieurJefus descendu(e)
60%
Passé AntérieurTufus descendu(e)
60%
Subjonctif PasséQu'ils/Qu'ellessoient descendu(e)s
60%
Subjonctif Plus-Que-ParfaitQu'il/Qu'ellefût descendu(e)
60%
Subjonctif PasséQu'il/Qu'ellesoit descendu(e)
60%
Subjonctif PasséQue Noussoyons descendu(e)s
60%
Subjonctif PasséQue Voussoyez descendu(e)(s)
60%
Subjonctif PasséQue Tusois descendu(e)
60%
Subjonctif PasséQue Jesois descendu(e)
60%
Subjonctif Plus-Que-ParfaitQue Vousfussiez descendu(e)(s)
60%
Subjonctif Plus-Que-ParfaitQu'ils/Qu'ellesfussent descendu(e)s
60%
Passé Infinitifêtre descendu
40%
Subjonctif Plus-Que-ParfaitQue Nousfussions descendu(e)s
40%
Passé AntérieurIls/Ellesfurent descendu(e)s
40%
Participe Passé Composéétant descendue
40%

Distribution des résultats

Percentile by Number Answered

% des personnes avec chaque résultat

Votre développement - résultats

Vous n’avez pas pris ce quiz